Environmental crime
Պահպանված է:
| Այլ հեղինակներ: | , |
|---|---|
| Ձևաչափ: | Գիրք |
| Լեզու: | անգլերեն |
| Հրապարակվել է: |
Burlington, MA., USA
Jones & Bartlett Learning
2012
|
| Հրատարակություն: | Second edition |
| Խորագրեր: | |
| Ցուցիչներ: |
Ավելացրեք ցուցիչ
Չկան պիտակներ, Եղեք առաջինը, ով նշում է այս գրառումը!
|
MARC
| LEADER | 00000cam a2200000 a 4500 | ||
|---|---|---|---|
| 001 | UCC8178 | ||
| 003 | CL-VaPUC | ||
| 005 | 20240828124135.0 | ||
| 008 | 190607e20120000us |||||||||||||||||eng|d | ||
| 999 | |c 374552 |d 374550 | ||
| 020 | |a 9780763794286 | ||
| 040 | |c Pontificia Universidad Católica de Valparaíso | ||
| 082 | 0 | 4 | |a 341.762 CLI 2012 |2 21 |
| 100 | 0 | |a Clifford, Mary |e editor |9 602828 | |
| 245 | 1 | 0 | |a Environmental crime |
| 250 | |a Second edition | ||
| 260 | |a Burlington, MA., USA |b Jones & Bartlett Learning |c 2012 | ||
| 300 | |a 426 páginas | ||
| 583 | |a last modification |c 20190607 12:44:00 |k Rodrigo Vera | ||
| 650 | 0 | |a Protección del medio ambiente |z ESTADOS UNIDOS |9 257626 | |
| 650 | 0 | |a Derecho ambiental internacional |z ESTADOS UNIDOS |9 467416 | |
| 700 | 0 | |a Edwards, Terry D |e editor |9 602829 | |
| 852 | |a BIBDER | ||
| 942 | |c BK |2 ddc | ||
| 945 | |d 20190607 12:44:00 |a dcastane | ||
| 952 | |0 0 |1 0 |3 erb |4 0 |6 341_762000000000000_CLI_2012 |7 0 |8 A |9 493148 |a BIBDER |b BIBDER |d 2019-06-03 |e 2 |g 135304.00 |i 5551072 |o 341.762 CLI 2012 |p 5551072 |r 2023-01-25 |v 135304.00 |w 2019-11-24 |y BK |z Catalogado en:20190607 |k DER | ||